000 00793nab a2200241 u 4500
001 16255
003 HDC
007 cr bn ---aaaaa
008 210220c20100529xx dr|noo 0 a eng d
040 _aHDC
245 0 _aHundreds of jobs at UK's 'Simply Halal' food park
260 _a[No place] :
_b[publisher not identified],
_c2010
336 _atext
_2rdacontent
337 _acomputer
_2rdamedia
338 _aonline resource
_2rdacarrier
650 _aHalal meat abattoir
_916124
650 _aMeat and Poultry
_916099
710 _aDiss Express
856 _zRequest full-text at [email protected]
942 _2lcc
942 _cNEWS
942 _kNWSO 005661
999 _c13571
_d13571